| 000 | 00446nam a2200145 i 4500 | ||
|---|---|---|---|
| 001 | 69757 | ||
| 003 | ES-MaACL | ||
| 005 | 20230906170616.0 | ||
| 007 | t| | ||
| 008 | 040709s1909 mx ||||1| spa d | ||
| 100 | 1 |
_aGarcía Granados, Ricardo. _954723 |
|
| 245 | 1 | 3 |
_aEl problema de la organización política de México / _cRicardo García Granados. |
| 260 |
_aMéxico : _b[s.n., _c1909] ( _fTipografía Económica) |
||
| 852 |
_aES-MaACL _j1563-F-10 |
||
| 999 |
_c69757 _d69757 |
||